| 000 | 00415nam a2200157Ia 4500 | ||
|---|---|---|---|
| 008 | 210716s2013 xx 000 0 und d | ||
| 020 | _a9780195683608 | ||
| 041 | _aeng | ||
| 082 | _a658.1511 SEKR | ||
| 100 | _aSekhar, R C; Rajagopalan, A V. | ||
| 245 | _aManagement accounting. | ||
| 250 | _a1 | ||
| 260 |
_aNew Delhi _bOxford University Press _c2013 |
||
| 300 | _axviii,645 | ||
| 650 | _aManagement Accounting | ||
| 999 |
_c208043 _d208043 |
||